| 000 | 00535nam a2200193 a 4500 | ||
|---|---|---|---|
| 005 | 20140310183320.0 | ||
| 008 | 030908s19uu xx 00 eng d | ||
| 020 | _a0071248633 | ||
| 050 |
_aBF 121 _b.Sa265 2005 |
||
| 100 | _aSantrock, John W. | ||
| 245 |
_aPsychology / _cJohn W. Santrock. |
||
| 260 |
_aNew York : _bMcGraw-Hill, _c2005. |
||
| 300 |
_a697 p. : _bill. ; _c25 cm. |
||
| 500 | _aIncludes bibliographical references and index | ||
| 521 | _aPSYCH | ||
| 650 | _aPsychology. | ||
| 942 |
_cBK _2lcc _kFOR |
||
| 999 |
_c21366 _d21366 |
||